000 00778nam a2200241Ia 4500
003 OSt
005 20220923223712.0
006 a|||||r|||| 00| 0
007 ta
008 220922b |||||||| |||| 00| 0 hin d
024 _a220,147
037 _cTextual
040 _aARTS
_cARTS
_bhin
041 _2hin
_ahin
082 _a:(f), 152P2
100 _aमिश्र, राजेन्द्र
245 0 _aअनुसंधान की प्रविधि और प्रक्रिया
246 _aAnusandhān kī pravidhi aur prakriyā
260 _aदिल्ली
_b तक्षशिला
_c2002
300 _a200i`
_ccm.
942 _h:(f), 152P2
_cTEXL
_2CC
999 _c366820
_d366820